Spolky sa starali o ryby, včely aj holuby

Bibliographic Details
Format: Article
Language:Slovak
PhysicalDescription:Obr.
ISSN:1336-5320
Subjects:

MARC

LEADER 00000nab a2200000 a 4500
001 vtls009937520
003 SK-MaSNL
005 20260303045032.0
008 171108 2009 xo r r 000 0 slo
038 |a KEVKJB 
040 |a KEVKJB  |b slo  |c KEVKJB  |e AACR2 
041 0 |a slo 
044 |a xo  |c SK 
080 |a 908(437.672)  |2 2001 
080 |a 061.237(437.672)  |2 2001 
245 0 0 |a Spolky sa starali o ryby, včely aj holuby  |c [autor] (som) 
300 |b Obr. 
610 2 7 |a Rybársky spolok (Košice, Slovensko)  |2 SNKKA  |9 1035033 
610 2 7 |a Spolok abovských včelárov (Košice, Slovensko)  |2 SNKKA  |9 1035034 
610 2 7 |a Spolok holubiarov (Košice, Slovensko)  |2 SNKKA  |9 1035035 
650 0 7 |a rybárstvo  |2 SNKPH  |9 2776 
650 0 7 |a spolky  |2 SNKPH  |9 4725 
650 0 7 |a včelárstvo  |2 SNKPH  |9 3997 
651 7 |a Košice (Slovensko)  |2 SNKPHgeo  |9 18694 
773 0 |t Košický večer  |g Roč. 20(41), č. 32 (7.8.2009), s. 16  |x 1336-5320 
852 |a KEVKJB  |b KIS3GCP 
999 |c 1702329  |d 1704259